The 20 Scariest Horror Games - Statistics

General Stats
  • This quiz has been taken 116 times
  • The average score is 5 of 20
Answer Stats
Release Year Horror Game % Correct
2013 Outlast
83%
2001 Silent Hill 2
53%
2017 Resident Evil 7
52%
2014 Five Nights At Freddy’s
49%
2014 Alien: Isolation
37%
2008 Dead Space
37%
2014 P.T.
31%
2015 Until Dawn
31%
2010 Amnesia: The Dark Descent
30%
2014 The Evil Within
29%
2015 SOMA
22%
2003 Manhunt
14%
2012 Slender: The Eight Pages
11%
2017 Doki Doki Literature Club
7%
2022 MADiSON
7%
2003 Fatal Frame II: Crimson Butterfly
6%
2022 Iron Lung
5%
2020 At Dead Of Night
4%
2018 Lost In Vivo
4%
2022 The Floor Is Breathing
4%
No matching quizzes found
Score Distribution
Percent of People with Each Score
Percentile by Number Answered
Your Score History
You have not taken this quiz